02110nam a22002177a 450000500170000000700150001700800410003202000220007303500100009504000090010510000330011424501310014725600240027826000410030230000280034350011350037150602700150665000370177674000380181385600410185120240305165633.0cr|||| |||| 220517s2021 es |||||s|||| 00||0 spa d a978-84-124109-9-0 a35653 avLex1 aTorres Manrique, Jorge Isaac10aDerechos fundamentales contemporáneosh[Recurso electrónico] :bEnfoques actuales y futuros /cJorge Isaac Torres Manrique aServicio en línea aBarcelona:bJ.M. Bosch Editor,c2021 a1 recurso electrónico a«La obra que tengo el gusto de prologar, refleja algunas de las principales preocupaciones del Constitucionalismo en la actualidad, apelando a una estrategia expositiva que destaca las amenazas, desafíos y oportunidades en distintas áreas temáticas. En esta línea, en la presente obra se identifican algunos ejes neurálgicos del sistema constitucional y realiza un recorrido amplio sobre diferentes condiciones que enfrenta el Constitucionalismo en la actualidad y su conexión insoslayable con los derechos fundamentales. En este sentido, el libro es útil tanto para un lector versado en el Derecho Constitucional como para un estudiante o público en general, porque tiene el mérito de orientar sobre problemáticas recurrentes de esta rama de la Ciencia Jurídica, aunque, a la vez, le incorpora actualidad y un perfil distintivo. En síntesis, este trabajo recoge cuestiones de relevancia jurídica, escrita en un lenguaje de fácil acceso, pero sin perder profundidad. Su lectura puede fácilmente ser valorada por profesores, académicos, operadores jurídicos, estudiantes y público en general».1 aDisponible solo en los productos indicadosdvLex GlobaldvLex Global (Academic Edition, excluding Law Schools)dvLex Global (U.S. Academic Edition, Law Schools)dvLex Global (U.S. Academic Edition, excluding Law Schools)dvLex Global (Academic Edition, Law Schools)04aDerecho ConstitucionalzEspaña0 avLex Libros (Servicio en línea)40uhttps://app.vlex.com/#/sources/35653